000 00543nam a2200169 a 4500
005 20140412111410.0
008 070214s19uu xx 00 eng d
020 _a078685877-x
050 _aTR(PS E
_bFa21 2000
245 _aFamily story library, bk. 12 :
_bThere's always something to celebrate.
260 _aNew York :
_bDisney press,
_c2000.
300 _a19
440 _aDisney's family storybook library
520 _aStories about hapiness, title includes cinderella and alice in wonderland
650 _aFables
999 _c105645
_d105645